| 000 | 01401cam a22001934a 4500 | ||
|---|---|---|---|
| 005 | 20250605164359.0 | ||
| 008 | 250528s ||||||||||||||||||||||||d | ||
| 035 | _a24487 | ||
| 040 |
_aGR-AtMCL _bgre _dGR-AtMCL _eAACR2 |
||
| 245 | 1 | _aΜε Praktiker με Σολιδ Ηαωασ Αλλάζει το Σπίτι / Σε Ρυθμό Επιδοτήσεων τα ΜΜΕ | |
| 260 | _c2019 | ||
| 300 | _a50 | ||
| 520 | _aΒρίσκουμε Τρόπους να Ακούμε Αυτό που Θέλουν οι Καταναλωτές, Καινοτομία και Αξιοπιστία Δίνουν 'Ενέργεια' στους Παρόχους, Το Marketing Πρέπει να Επανεφεύρει τον Ρόλο του, Το Global Media Charter είναι η Μεγάλη Ευκαιρία για το Ψηφιακό Οικοσύστημα, 90 Εταιρίες Ανέδειξαν την Αξία της Εξυπηρέτησης, Η Βιομηχανία των Γραφικών Τεχνών Μεταμορφώνεται, Τα Περιφερειακά ΜΜΕ στην 1η Γραμμή Ενημέρωσης και Ψυχαγωγίας, Η Εταιρική Υπευθυνότητα στον Πυρήνα της Επιχειρηματικής Δράσης. | ||
| 700 | 1 |
_aΚορδελάς Δημήτρης _99464 |
|
| 942 | _cDS | ||
| 710 | 2 |
_aThe Marketing Week _99825 |
|
| 999 |
_c9365 _d9365 |
||